000 00509nam a2200181Ia 4500
001 17072
005 20260306170358.0
008 260306t2002||||xx |||||||||||||| ||und||
041 _aESP
082 _a658.45
_bG371
100 _aGray, John
_eAUT
245 0 _aMarte y venus en el trabajo:
_bUna guía práctica para mejorar la comunicación y la convivencia en el ambiente laboral
260 _c2002
300 _a296 páginas :
_c21 cm.
650 _aGEN
654 _aCAN
942 _cLIB
_dJUS
_fJUS
_2ddc
_n
999 _c17072
_d17072